[Event "EU-ch U18 27th"]
[Site "Mamaia"]
[Date "2017.09.08"]
[Round "4"]
[White "Jogstad, Martin"]
[Black "Ivanov, Boris"]
[Result "1-0"]
[WhiteElo "2259"]
[BlackElo "1982"]
[PlyCount "89"]
[EventDate "2017.09.05"]
[EventType "swiss"]
[EventRounds "9"]
[EventCountry "ROU"]
[SourceTitle "CBM 180 Extra"]
[Source "ChessBase"]
[SourceDate "2017.10.06"]
[SourceVersion "1"]
[SourceVersionDate "2017.10.06"]
[SourceQuality "1"]

1. d4 Nf6 2. c4 e6 3. g3 d5 4. Nf3 Be7 5. Bg2 0-0 6. 0-0 dxc4 7. Qc2 a6 8. a4 Bd7 9. Qxc4 Bc6 10. Nc3 b5 11. Qd3 b4 12. Nb1 Be4 13. Qd1 c5 14. Nbd2 Bb7 15. Nc4 cxd4 16. Qxd4 Nc6 17. Qxd8 Raxd8 18. Be3 Nd5 19. Bd2 Bc5 20. Rfd1 Rc8 21. Be1 Rc7 22. Nce5 Nxe5 23. Nxe5 Be7 24. a5 Rfc8 25. Nd3 Rc4 26. e4 Nf6 27. f3 h6 28. Bf1 Rd8 29. Rdc1 Rdc8 30. Rxc4 Rxc4 31. b3 Rc2 32. Bxb4 Bxb4 33. Nxb4 Rc3 34. Nxa6 Rxf3 35. Nc5 Ba8 36. Rd1 Kh7 37. Rd3 Rxd3 38. Bxd3 Ng4 39. e5+ g6 40. Be4 Bxe4 41. Nxe4 Nxe5 42. a6 Nc6 43. b4 Na7 44. Nd6 Kg8 45. b5 1-0

[Event "Blagoevgrad op"]
[Site "Blagoevgrad"]
[Date "2013.09.29"]
[Round "2"]
[White "Gelemerov, Yane"]
[Black "Ivanov, Boris"]
[Result "0-1"]
[WhiteElo "2084"]
[BlackElo "2324"]
[PlyCount "62"]
[EventDate "2013.09.28"]
[EventType "swiss"]
[EventRounds "9"]
[EventCountry "BUL"]
[SourceTitle "CBM 156 Extra"]
[Source "ChessBase"]
[SourceDate "2013.10.22"]
[SourceVersion "1"]
[SourceVersionDate "2013.10.22"]
[SourceQuality "1"]

1. e4 c6 2. Nc3 d5 3. Nf3 Bg4 4. h3 Bh5 5. exd5 cxd5 6. Bb5+ Nc6 7. g4 Bg6 8. h4 f6 9. h5 Bf7 10. d4 a6 11. Ba4 b5 12. Bb3 Qd6 13. Be3 Na5 14. Nh4 e6 15. Qf3 Rc8 16. 0-0 g5 17. Ng2 Nh6 18. Qe2 Be7 19. f4 f5 20. gxf5 Nxf5 21. fxg5 Rg8 22. Rxf5 exf5 23. Re1 Nxb3 24. Bf4 Qd7 25. axb3 Rc6 26. g6 hxg6 27. h6 g5 28. h7 Rh8 29. Qe5 Rxh7 30. Bxg5 Re6 31. Qf4 Rxe1+ 0-1

[Event "Blagoevgrad op"]
[Site "Blagoevgrad"]
[Date "2013.09.28"]
[Round "1"]
[White "Ivanov, Boris"]
[Black "Momchev, Momchil"]
[Result "1-0"]
[WhiteElo "2324"]
[BlackElo "1817"]
[PlyCount "47"]
[EventDate "2013.09.28"]
[EventType "swiss"]
[EventRounds "9"]
[EventCountry "BUL"]
[SourceTitle "CBM 156 Extra"]
[Source "ChessBase"]
[SourceDate "2013.10.22"]
[SourceVersion "1"]
[SourceVersionDate "2013.10.22"]
[SourceQuality "1"]

1. d4 d6 2. Nf3 g6 3. c4 Bg7 4. Nc3 Nc6 5. d5 Ne5 6. Nxe5 dxe5 7. g3 e6 8. Bg2 Ne7 9. 0-0 0-0 10. dxe6 f5 11. Bg5 Qxd1 12. Rfxd1 Bf6 13. Bxf6 Rxf6 14. Nd5 Nxd5 15. cxd5 e4 16. f3 exf3 17. Bxf3 Kf8 18. Rac1 c6 19. dxc6 Bxe6 20. cxb7 Rb8 21. Rd6 Ke7 22. Ra6 Bd5 23. Rc7+ Kd8 24. Rc8+ 1-0